| 000 | 00759cab a2200253 4500 | ||
|---|---|---|---|
| 001 | ABS46761 | ||
| 008 | 090401t1992 xxu||||| |||| 00| 0 eng d | ||
| 035 | _a(Sirsi) u59439 | ||
| 041 | _aeng | ||
| 100 | _aRoss, L.E. | ||
| 245 | _aLease v licence | ||
| 260 | _c1992 | ||
| 350 | _a0 | ||
| 490 |
_aLaw Society`s Gazette _v(27) 15 July 1992, 25-26(2) |
||
| 520 | _aExplains the difference between lease and licence following the recent "Westminster CC v Clarke" HL 1992 decision. | ||
| 650 | _aCAMDEN LBC V SHORTLIFE COMMUNITY HOUSING LTD | ||
| 650 | _aLEASE V LICENCE | ||
| 650 | _aLICENCES | ||
| 650 | _aSTREET V MOUNTFORD | ||
| 650 | _aWESTMINSTER CC V CLARKE | ||
| 690 | _aPROPERTY-LANDLORD AND TENANT | ||
| 942 | _n0 | ||
| 948 | _c04/03/1997 | ||
| 999 |
_c36470 _d36470 |
||